El cristo de San Salvador en la iconografía (Record no. 1129)
[ view plain ]
| 000 -CABECERA | |
|---|---|
| campo de control de longitud fija | 00600nam a2200169 a 4500 |
| 001 - NÚMERO DE CONTROL | |
| campo de control | BRCA_1260 |
| 005 - FECHA Y HORA DE LA ÚLTIMA TRANSACCIÓN | |
| campo de control | 20190320203342.0 |
| 008 - DATOS DE LONGITUD FIJA--INFORMACIÓN GENERAL | |
| campo de control de longitud fija | 121005s2003----sp-a---###---#000-0#spa-d |
| 050 #4 - SIGNATURA TOPOGRÁFICA DE LA BIBLIOTECA DEL CONGRESO | |
| Número de clasificación | N8050 |
| Número de documento/Ítem | .S35 2003 |
| 100 1# - ENTRADA PRINCIPAL--NOMBRE DE PERSONA | |
| Nombre de persona | Sales de Ferri Chulio, Andrés de |
| Títulos y otros términos asociados al nombre | Reverendo |
| 9 (RLIN) | 4153 |
| 245 10 - MENCIÓN DE TÍTULO | |
| Título | El cristo de San Salvador en la iconografía |
| Resto del título | popular valentino |
| Mención de responsabilidad, etc. | Rvdo. Andres de Sales de Ferri Chulio. |
| 260 ## - PUBLICACIÓN, DISTRIBUCIÓN, ETC. | |
| Lugar de publicación, distribución, etc. | Valencia |
| Nombre del editor, distribuidor, etc. | San Luis Palacios |
| Fecha de publicación, distribución, etc. | 2003 |
| 300 ## - DESCRIPCIÓN FÍSICA | |
| Extensión | 57 p. |
| Otras características físicas | il. |
| Dimensiones | 34 cm. |
| 504 ## - NOTA DE BIBLIOGRAFÍA, ETC. | |
| Nota de bibliografía, etc. | Bibliografía: p. 57-60 |
| 650 14 - PUNTO DE ACCESO ADICIONAL DE MATERIA--TÉRMINO DE MATERIA | |
| Término de materia o nombre geográfico como elemento de entrada | Estampas religiosas |
| Subdivisión de forma | Catálogos |
| Subdivisión geográfica | Valentina (España) |
| 9 (RLIN) | 4154 |
| 942 ## - ELEMENTOS DE PUNTO DE ACCESO ADICIONAL (KOHA) | |
| Fuente del sistema de clasificación o colocación | Library of Congress Classification |
| Tipo de ítem Koha | Libros |
| Estado de retiro | Estado de pérdida | Estado dañado | No para préstamo | Localización permanente | Ubicación/localización actual | Fecha de adquisición | Total de préstamos | Signatura topográfica completa | Código de barras | Fecha visto por última vez | Precio válido a partir de | Tipo de ítem Koha |
|---|---|---|---|---|---|---|---|---|---|---|---|---|
| El ejemplar forma parte de la colección y puede ser consultado según las políticas vigentes. | Biblioteca del Museo Franz Mayer (Rogerio Casas-Alatriste) | Biblioteca del Museo Franz Mayer (Rogerio Casas-Alatriste) | 26/06/2008 | N8050 .S35 2003 | 01762 | 22/03/2019 | 22/03/2019 | Libros |